The counsellor (Record no. 38671)

MARC details
000 -LEADER
fixed length control field 00475nam a2200169Ia 4500
022 ## - INTERNATIONAL STANDARD SERIAL NUMBER
ISSN 01890263
050 ## - CALL MARK
Classification number PS 3576 .C68/
245 #4 - TITLE STATEMENT
Title The counsellor
260 ## - PUBLICATION, DISTRIBUTION, ETC. (IMPRINT)
Place of publication Maiduguri, Nigeria
260 ## - PUBLICATION, DISTRIBUTION, ETC. (IMPRINT)
Name of publisher Daily Beast Company
260 ## - PUBLICATION, DISTRIBUTION, ETC. (IMPRINT)
Year of publication 2018
300 ## - PHYSICAL DESCRIPTION
Number of Pages iv, 84 p. :ill. ; 26 cm.
650 ## - SUBJECT ADDED ENTRY--TOPICAL TERM
Topical Term Counseling psychology--Study and teaching. Counseling psychologists--Training of.
942 ## - ADDED ENTRY ELEMENTS (KOHA)
Koha item type Serials

No items available.